000 01529nam0a2200361 4500
001 RU\NLR\bibl\171730
005 20260407023722.0
021 _aRU
_b2001-17895
_9830
035 _a(NLR Aleph) 000168506
090 _a970573
_c970573
100 _a20010629d2001 |||y0rusy50 ca
101 0 _arus
102 _aRU
105 _ay |||||||||
200 1 _aСовременная боевая травма. Актуальные вопросы диагностики и лечения
_eМатериалы науч.-практ. конф., март 2001 г.
_f[Под общ. ред. Ю.Н. Кузнецова]
210 _aМ.
_cВитязь-Братишка
_d2001
215 _a140, [1] с.
_d20
300 _aВ надзаг.: М-во внутр. дел Рос. Федерации. Мед. упр.
606 0 _aБоевые травмы
_jСъезды, совещания и т.п.
_91165391
_3RU\NLR\auth\66149155
610 0 _aВоенная медицина
675 _a617-001.45:355(082)
_v3
_zrus
686 _a76.29
_2rugasnti
686 _a54.5
_2rubbk
686 _aР458.141я431(2)
702 1 _aКузнецов
_bЮ. Н.
_4340
712 0 1 _4570
_aРоссийская Федерация
_bМинистерство внутренних дел
_bМедицинское управление
_3RU\NLR\AUTH\8810009174
_9516059
801 0 _aRU
_bRKP
_c20010629
_gPSBO
801 1 _aRU
_bRKP
_c20010629
801 2 _aRU
_bNLR
_c20031113
_grcr
942 _cBOOK
980 _aNB